000 00641cam a22002413a 4500
001 32885
003 PGUSA
005 20140828083718.0
008 100618s2010||||xxu|||||s|||||000 1 eng d
040 _aPGUSA
_beng
042 _adc
050 4 _aPS
100 1 _aStockham, Richard
245 1 0 _aCircle of Flight
_h[electronic resource] /
_cRichard Stockham
260 _bProject Gutenberg,
_c2010
506 _aPublic domain in the USA.
516 _aElectronic text
653 _aShort stories
653 _aScience fiction
830 0 _aProject Gutenberg
_v32885
856 4 0 _uhttp://www.gutenberg.org/ebooks/32885
942 _cEB
999 _c262140
_d262140